000 00702nam a2200289Ia 4500
005 20260324121959.0
008 008 260324s9999 xx 000 0 eng d
020 _a9780203809150
037 _aEBOOK
040 _aCRL
040 _beng
040 _cCRL
041 _2eng
041 _aeng
084 _qCRL
100 _aMartin Loosemore
_91164640
245 0 _aInnovation, Strategy and Risk in Construction
245 0 _bTurning Serendipity into Capability
260 _bTaylor and Francis
260 _c2013
365 _a
365 _b400
856 _uhttp://www.taylorfrancis.com/books/9780203809150
942 _cEBOOK
999 _c1757058
_d1757058